| 000 | 00517nam a22001577a 4500 | ||
|---|---|---|---|
| 082 | _a660 | ||
| 100 | _aSarfraz, Nigham | ||
| 245 |
_aSTUDY OF GSK3B AND PCLO GENE POLYMORPHISMA IN PATIENTS SUFFERING FROM CLINICAL DEPRESSION / _cNIGHAM SARFRAZ. |
||
| 260 |
_aIslamabad: _bASAB - NUST, _c2018. |
||
| 300 |
_a45 p.: ill.; _c30cm. _e+CD |
||
| 650 |
_aMS Thesis. _918721 |
||
| 700 |
_aDr.Muhammad Jawad Hassan _919364 |
||
| 942 |
_2ddc _cTHE |
||
| 999 |
_c527871 _d527871 |
||